<?xml version="1.0" encoding="UTF-8"?><?xml-stylesheet type="text/xsl" href="static/style.xsl"?><OAI-PMH xmlns="http://www.openarchives.org/OAI/2.0/" xmlns:xsi="http://www.w3.org/2001/XMLSchema-instance" xsi:schemaLocation="http://www.openarchives.org/OAI/2.0/ http://www.openarchives.org/OAI/2.0/OAI-PMH.xsd"><responseDate>2026-05-17T20:22:34Z</responseDate><request verb="GetRecord" identifier="oai:recam.amb.cat:20.500.14439/2377" metadataPrefix="marc">https://recam.amb.cat/rest/oai/request</request><GetRecord><record><header><identifier>oai:recam.amb.cat:20.500.14439/2377</identifier><datestamp>2024-09-25T13:14:17Z</datestamp><setSpec>com_20.500.14439_118</setSpec><setSpec>col_20.500.14439_119</setSpec></header><metadata><record xmlns="http://www.loc.gov/MARC21/slim" xmlns:dcterms="http://purl.org/dc/terms/" xmlns:xsi="http://www.w3.org/2001/XMLSchema-instance" xmlns:doc="http://www.lyncode.com/xoai" xsi:schemaLocation="http://www.loc.gov/MARC21/slim http://www.loc.gov/standards/marcxml/schema/MARC21slim.xsd">
   <leader>00925njm 22002777a 4500</leader>
   <datafield ind2=" " ind1=" " tag="042">
      <subfield code="a">dc</subfield>
   </datafield>
   <datafield ind2=" " ind1=" " tag="720">
      <subfield code="a">Mas-Pla, Josep</subfield>
      <subfield code="e">author</subfield>
   </datafield>
   <datafield ind2=" " ind1=" " tag="720">
      <subfield code="a">Menció Domingo, Anna</subfield>
      <subfield code="e">author</subfield>
   </datafield>
   <datafield ind2=" " ind1=" " tag="260">
      <subfield code="c">2017-05-01</subfield>
   </datafield>
   <datafield ind2=" " ind1=" " tag="520">
      <subfield code="a">En el futur la disponibilitat d'aigua disminuirà de manera generalitzada i s'incrementarà la incertesa sobre la qualitat i la quantitat dels recursos hídrics disponibles. Cal una consideració regional que inclogui el conjunt del sistema Ter-Llobregat, més les conques del Besòs i la Tordera. Per altra banda, els recursos hídrics alternatiu esdevindran cabdals si tal i com es preveu en els models, els períodes de sequera esdevenen més freqüents i intensos.&lt;br />&lt;br />Nou volum de la sèrie divulgativa dels treballs de METROBS que té l'objectiu de fer arribar la problemàtica del canvi climàtic al públic general.</subfield>
   </datafield>
   <datafield ind1="8" ind2=" " tag="024">
      <subfield code="a">https://hdl.handle.net/20.500.14439/2377</subfield>
   </datafield>
   <datafield ind1="8" ind2=" " tag="024">
      <subfield code="a">6439233</subfield>
   </datafield>
   <datafield tag="653" ind2=" " ind1=" ">
      <subfield code="a">Seguretat hídrica</subfield>
   </datafield>
   <datafield tag="653" ind2=" " ind1=" ">
      <subfield code="a">Aigua</subfield>
   </datafield>
   <datafield tag="653" ind2=" " ind1=" ">
      <subfield code="a">Canvis climàtics</subfield>
   </datafield>
   <datafield ind2="0" ind1="0" tag="245">
      <subfield code="a">La reducció dels recursos hídrics per a abastament: redistribució de recursos i potenciació dels recursos hídrics alternatius Efectes del canvi climàtic en els recursos hídrics</subfield>
   </datafield>
</record></metadata></record></GetRecord></OAI-PMH>